|
|
|
|
| LEADER |
02099nam a22005055i 4500 |
| 001 |
978-3-540-32945-9 |
| 003 |
DE-He213 |
| 005 |
20151116133456.0 |
| 007 |
cr nn 008mamaa |
| 008 |
100806s2006 gw | s |||| 0|eng d |
| 020 |
|
|
|a 9783540329459
|9 978-3-540-32945-9
|
| 024 |
7 |
|
|a 10.1007/11547761
|2 doi
|
| 040 |
|
|
|d GrThAP
|
| 050 |
|
4 |
|a QD380-388
|
| 072 |
|
7 |
|a PNNP
|2 bicssc
|
| 072 |
|
7 |
|a TEC055000
|2 bisacsh
|
| 082 |
0 |
4 |
|a 541.2254
|2 23
|
| 245 |
1 |
0 |
|a Polymer Therapeutics I
|h [electronic resource] /
|c edited by Ronit Satchi-Fainaro, Ruth Duncan.
|
| 264 |
|
1 |
|a Berlin, Heidelberg :
|b Springer Berlin Heidelberg,
|c 2006.
|
| 300 |
|
|
|a X, 204 p.
|b online resource.
|
| 336 |
|
|
|a text
|b txt
|2 rdacontent
|
| 337 |
|
|
|a computer
|b c
|2 rdamedia
|
| 338 |
|
|
|a online resource
|b cr
|2 rdacarrier
|
| 347 |
|
|
|a text file
|b PDF
|2 rda
|
| 490 |
1 |
|
|a Advances in Polymer Science,
|x 0065-3195 ;
|v 192
|
| 505 |
0 |
|
|a 1 Duncan, H. Ringsdorf, R. Satchi-Fainaro: Polymer Therapeutics: Polymers as Drugs, Conjugates and Gene Delivery Systems: Past, Present and Future Opportunities -- 2 P.K. Dhal, S.R. Holmes-Farley, C.C. Huval, T.H. Jozefiak: Polymers as Drugs -- 3 R.J. Amir, D. Shabat: Domino Dendrimers -- 4 G. Pasut, F.M. Veronese: PEGylation of Proteins as Tailored Chemistry for Optimized Bioconjugates -- 5 E. Wagner, J. Kloeckner: Gene Delivery Using Polymer Therapeutics -- .
|
| 650 |
|
0 |
|a Chemistry.
|
| 650 |
|
0 |
|a Pharmacy.
|
| 650 |
|
0 |
|a Polymers.
|
| 650 |
|
0 |
|a Medicinal chemistry.
|
| 650 |
|
0 |
|a Biochemistry.
|
| 650 |
1 |
4 |
|a Chemistry.
|
| 650 |
2 |
4 |
|a Polymer Sciences.
|
| 650 |
2 |
4 |
|a Medicinal Chemistry.
|
| 650 |
2 |
4 |
|a Pharmacy.
|
| 650 |
2 |
4 |
|a Biochemistry, general.
|
| 700 |
1 |
|
|a Satchi-Fainaro, Ronit.
|e editor.
|
| 700 |
1 |
|
|a Duncan, Ruth.
|e editor.
|
| 710 |
2 |
|
|a SpringerLink (Online service)
|
| 773 |
0 |
|
|t Springer eBooks
|
| 776 |
0 |
8 |
|i Printed edition:
|z 9783540292104
|
| 830 |
|
0 |
|a Advances in Polymer Science,
|x 0065-3195 ;
|v 192
|
| 856 |
4 |
0 |
|u http://dx.doi.org/10.1007/11547761
|z Full Text via HEAL-Link
|
| 912 |
|
|
|a ZDB-2-CMS
|
| 950 |
|
|
|a Chemistry and Materials Science (Springer-11644)
|